TV Themes: Pick the Missing Word Quiz Stats

 Plays Quiz Updated Feb 28, 2016

Also try: Click the TV Theme
Challenge
Share
Tweet
Embed
Score 0/30 Timer 05:00
0 Plays Today
% Correct
There
98.1%
Days
95.5%
Boys
95.2%
Worlds
94.4%
Good
94.2%
Marriage
93.6%
Movin'
93.5%
Stop
92.3%
Everywhere
91.3%
Believe
91.1%
Jungle
90.2%
Around
88.8%
Making
87.9%
Survivor
87.2%
Happy
86.3%
% Correct
Fishin'
86.1%
Too
84.7%
Painless
84.4%
Know
84%
Ballad
82.8%
Cleveland
81.8%
Bubbles
79.4%
Save
76.7%
Parade
76.4%
Boogie
76.3%
Trails
71.9%
Boss
68.3%
Searchin'
62.5%
Serenity
62%
Life
55.5%

You're not logged in!

Compare scores with friends on all Sporcle quizzes.
Join for Free
OR
Log In

You Might Also Like...

Show Comments

Extras

Top Quizzes Today


Score Distribution

Your Account Isn't Verified!

In order to create a playlist on Sporcle, you need to verify the email address you used during registration. Go to your Sporcle Settings to finish the process.

Report this User

Report this user for behavior that violates our Community Guidelines.

Details: